<?xml version="1.0" encoding="UTF-8"?><?xml-stylesheet type="text/xsl" href="static/style.xsl"?><OAI-PMH xmlns="http://www.openarchives.org/OAI/2.0/" xmlns:xsi="http://www.w3.org/2001/XMLSchema-instance" xsi:schemaLocation="http://www.openarchives.org/OAI/2.0/ http://www.openarchives.org/OAI/2.0/OAI-PMH.xsd"><responseDate>2026-06-01T02:49:10Z</responseDate><request verb="GetRecord" identifier="oai:riuma.uma.es:10630/10909" metadataPrefix="marc">https://riuma.uma.es/rest/oai/request</request><GetRecord><record><header><identifier>oai:riuma.uma.es:10630/10909</identifier><datestamp>2026-02-03T10:20:45Z</datestamp><setSpec>com_10630_1685</setSpec><setSpec>col_10630_38055</setSpec></header><metadata><record xmlns="http://www.loc.gov/MARC21/slim" xmlns:dcterms="http://purl.org/dc/terms/" xmlns:doc="http://www.lyncode.com/xoai" xmlns:xsi="http://www.w3.org/2001/XMLSchema-instance" xsi:schemaLocation="http://www.loc.gov/MARC21/slim http://www.loc.gov/standards/marcxml/schema/MARC21slim.xsd">
   <leader>00925njm 22002777a 4500</leader>
   <datafield ind2=" " ind1=" " tag="042">
      <subfield code="a">dc</subfield>
   </datafield>
   <datafield ind2=" " ind1=" " tag="720">
      <subfield code="a">Díaz Nasif, Thais</subfield>
      <subfield code="e">author</subfield>
   </datafield>
   <datafield ind2=" " ind1=" " tag="260">
      <subfield code="c">2016-01-26</subfield>
   </datafield>
   <datafield ind2=" " ind1=" " tag="520">
      <subfield code="a">A través de este trabajo se pretende examinar la  industria turística de Corea del Sur que,  tras  superar diversos obstáculos históricos, ha  empezado a despuntar durante estos últimos  años  gracias a la influencia del Hallyu. La subida  de turistas internacionales ha provocado beneficios pero también ha sacado a la luz diversos aspectos a mejorar y carencias del país a la hora de acoger el turismo por lo que se hace necesaria  la intervención del gobierno y sus políticas turísticas si quieren llegar  a  ser  un  país  competitivo. El  objetivo principal es dar a  conocer las características básicas de la industria turística coreana y la importancia de las políticas turísticas a la hora de desarrollar el turismo.  &#xd;
A diferencia de otros países, la industria turística de Corea del Sur, no ha sido un tema &#xd;
de análisis frecuente por parte de los expertos de fuera de Corea del Sur, debido a que es un &#xd;
país que siempre ha quedado a la sombra de grandes competidores como China y Japón en cuestión de turismo. A través de diferentes fuentes bibliográficas se ha recopilado la información necesaria para tratar de conocer la  industria turística de un país que se esfuerza &#xd;
en convertirse en una referencia turística internacional en el continente asiático.</subfield>
   </datafield>
   <datafield ind1="8" ind2=" " tag="024">
      <subfield code="a">http://hdl.handle.net/10630/10909</subfield>
   </datafield>
   <datafield tag="653" ind2=" " ind1=" ">
      <subfield code="a">Turismo cultural</subfield>
   </datafield>
   <datafield ind2="0" ind1="0" tag="245">
      <subfield code="a">Políticas turísticas de Corea del Sur</subfield>
   </datafield>
</record>
</metadata></record></GetRecord></OAI-PMH>